Instrucción cívica /
Guardado en:
| Autor Principal: | |
|---|---|
| Formato: | Libro |
| Publicado: |
Argentina :
Troquel,
1976
|
| Edición: | 16a. ed. |
| Materias: | |
| Etiquetas: |
Agregar Etiqueta
Sin Etiquetas, Sea el primero en etiquetar este registro!
|
| LEADER | 00610nam a22002175a 4500 | ||
|---|---|---|---|
| 001 | CEM.cems003236 | ||
| 005 | 19000101000000.0 | ||
| 008 | 130507s1976##################000#0#####d | ||
| 003 | CEMS | ||
| 082 | 0 | 4 | |a 320 |
| 100 | 1 | |a Herrera, Carlos Alfredo | |
| 245 | 1 | 0 | |a Instrucción cívica / |c Carlos Alfredo Herrera |
| 250 | |a 16a. ed. | ||
| 260 | |a Argentina : |b Troquel, |c 1976 | ||
| 300 | |a 351 p. | ||
| 653 | |a Argentina-constitucion | ||
| 653 | |a Codigos | ||
| 653 | |a Derecho | ||
| 653 | |a Formas de gobierno | ||
| 653 | |a Instruccion civica-ensenanzas | ||
| 859 | |a CEMS |b BIB. CEMS - 11 de abril |h 320 |i H449a16 |p 6513.78 |t Ej.1 | ||
